00958nam a2200301 i 450000100060000000300090000600500170001500800410003201500170007302000150009002000150010503500210012004000280014104600090016908000070017808000120018510000400019724500730023725000170031026000550032730000410038238000170042350400130044065000340045365500300048771000410051785600980055824611KOSZ 00520190722100450.0970620s1995 pl a |001 0 pol  aPB 1995/4587 a832041833X a8320418313 a(OCoLC)749984385 aWA NcWA NdKOSZ 005/EG k1995 a51 a(075.8)1 aLeitner, Romand(1914-2008).eAutor10aZarys matematyki wyższej dla studentów.nCz. 2 /cRoman Leitner. aWyd. 7 popr. aWarszawa :bWydawnictwa Naukowo-Techniczne,c1995. a479, [1] s. :brys., wykr. ;c24 cm. aKsiążki. aIndeksy. 4aMatematykaxszkoły wyższe. 4aPodręczniki akademickie2 aWydawnictwa Naukowo-Techniczne4pbl. uhttp://koha.tu.koszalin.pl/cgi-bin/koha/opac-detail.pl?biblionumber=24611yKatalog online BPK